000 00198nam a2200085 4500
001 1257277
005 20260210114241.0
245 _aMAHALLEMİZİN PARKI
_cMUZAFFER YALÇIN
260 _bAKVARYUM YAYINLARI
999 _c1257277
_d1257277